|
|
|
|
| LEADER |
00000nam0a2200000 4500 |
| 001 |
188882 |
| 005 |
20231101224151.0 |
| 010 |
|
|
|a 9785982277671
|
| 010 |
|
|
|a 978-5-7913-0080-8
|
| 035 |
|
|
|a (RuTPU)RU\TPU\book\205175
|
| 090 |
|
|
|a 188882
|
| 100 |
|
|
|a 20101215d2011 m y0rusy50 ca
|
| 101 |
0 |
|
|a rus
|
| 102 |
|
|
|a RU
|
| 105 |
|
|
|a a j 001zy
|
| 200 |
1 |
|
|a Курс общей физики. Механика и молекулярная физика
|e учебное пособие
|f Л. Д. Ландау, А. И. Ахиезер, Е. М. Лифшиц
|
| 205 |
|
|
|a 3-е изд.
|
| 210 |
|
|
|a Москва
|c КДУ
|c Добросвет
|d 2011
|
| 215 |
|
|
|a 340 с.
|c ил.
|
| 320 |
|
|
|a Предметный указатель: с. 333-338.
|
| 330 |
|
|
|a В предлагаемой читателю книге, относящейся несомненно к числу классических учебников отечественной физической школы, содержится достаточно строгое и доходчивое изложение классической механики, включая основные сведения об акустике; принципов термодинамики, включая некоторые аспекты физической химии; учения о симметрии и строении вещества. При изложении материала используется лишь минимальный необходимый математический. Книга предназначена для студентов младших курсов высших учебных заведений естественно-научного и технического профиля, учащихся старших классов физ-мат школ.аппарат.
|
| 606 |
1 |
|
|a Физика
|2 stltpush
|3 (RuTPU)RU\TPU\subj\63709
|9 80688
|
| 610 |
1 |
|
|a материальная точка
|
| 610 |
1 |
|
|a механика
|
| 610 |
1 |
|
|a поле
|
| 610 |
1 |
|
|a твердые тела
|
| 610 |
1 |
|
|a движение
|
| 610 |
1 |
|
|a колебания
|
| 610 |
1 |
|
|a симметрия
|
| 610 |
1 |
|
|a теплота
|
| 610 |
1 |
|
|a тепловые процессы
|
| 610 |
1 |
|
|a фазовые переходы
|
| 610 |
1 |
|
|a растворы
|
| 610 |
1 |
|
|a химические реакции
|
| 610 |
1 |
|
|a поверхностные явления
|
| 610 |
1 |
|
|a диффузия
|
| 610 |
1 |
|
|a теплопроводность
|
| 610 |
1 |
|
|a вязкость
|
| 610 |
1 |
|
|a учебные пособия
|
| 675 |
|
|
|a 53(075.8)
|v 3
|
| 700 |
|
1 |
|a Ландау
|b Л. Д.
|g Лев Давидович
|
| 701 |
|
1 |
|a Ахиезер
|b А. И.
|g Александр Ильич
|
| 701 |
|
1 |
|a Лифшиц
|b Е. М.
|g Евгений Михайлович
|
| 801 |
|
1 |
|a RU
|b 63413507
|c 20101215
|
| 801 |
|
2 |
|a RU
|b 63413507
|c 20150512
|g RCR
|
| 900 |
|
|
|a Общая физика
|
| 942 |
|
|
|c BK
|
| 959 |
|
|
|a 90/20101213
|d 6
|e 290,40
|f ЧЗТЛ:1
|f УФ:5
|